| 000 | 00000nam 2200000zi 4500 |
| 001 | 9.922164 |
| 003 | CaOODSP |
| 005 | 20230502142044 |
| 006 | m o d f |
| 007 | cr |n||||||||| |
| 008 | 230502e20230307onc o f|0| 0 fre d |
| 040 | |aCaOODSP|bfre|erda|cCaOODSP |
| 043 | |an-cn--- |
| 086 | 1 |aYN5-263/2023F-PDF |
| 245 | 00|aCoût du programme d’immigration d’Entrée express. |
| 264 | 1|aOttawa : |bBureau du Directeur parlementaire du budget = Office of the Parliamentary Budget Officer, |c7 mars 2023. |
| 264 | 4|c©2023 |
| 300 | |a1 ressource en ligne (18 pages) |
| 336 | |atexte|btxt|2rdacontent/fre |
| 337 | |ainformatique|bc|2rdamedia/fre |
| 338 | |aressource en ligne|bcr|2rdacarrier/fre |
| 500 | |aPublié aussi en anglais sous le titre : Costing the Express Entry immigration process. |
| 500 | |a« RP-2223-026-S_f. » |
| 520 | |a« Dans le présent rapport, le directeur parlementaire du budget analyse le coût financier direct du traitement des demandes concernant les volets économiques du système d’immigration Entrée express (EE), soit : le Programme des travailleurs qualifiés (fédéral) (PTQ), la Catégorie de l’expérience canadienne (CEC) et le Programme des travailleurs de métiers spécialisés (fédéral) (PTMS). Ce système n’est pas utilisé au Québec, mais il l’est dans le reste du Canada. Le Québec utilise un système différent qui ne fait pas l’objet du présent rapport »--Résumé, page 1. |
| 650 | 6|aÉmigration assistée|zCanada|xCoût. |
| 651 | 6|aCanada|xÉmigration et immigration|xPolitique gouvernementale. |
| 710 | 1 |aCanada. |bBureau du Directeur parlementaire du budget, |eorganisme de publication. |
| 775 | 08|tCosting the Express Entry immigration process.|w(CaOODSP)9.922117 |
| 856 | 40|qPDF|s358 Ko|uhttps://publications.gc.ca/collections/collection_2023/dpb-pbo/YN5-263-2023-fra.pdf |